Statistics for Countries with two or more words

Click here to take the quiz!

General Stats

  • This quiz has been taken 50 times
    (11 since last reset)
  • The average score is 24 of 41

Answer Stats

LocationAnswer% Correct
OceaniaPapua New Guinea
100%
East AsiaSouth Korea
100%
CaribbeanDominican Republic
89%
OceaniaNew Zealand
89%
CaribbeanSaint Vincent And The Grenadines
89%
North AmericaUnited States Of America
89%
East Asia( Democratic People's Republic of Korea) North Korea
78%
Middle East(Kingdom of) Saudi Arabia
78%
CaribbeanSaint Lucia
78%
Southern AfricaSouth Africa
78%
East AfricaSouth Sudan
78%
CaribbeanTrinidad And Tobago
78%
Western EuropeUnited Kingdom / Great Britain
78%
CaribbeanAntigua And Barbuda
67%
Central AfricaCentral African Republic
67%
Central AfricaDemocratic Repuclic Of The Congo
67%
South-East AsiaEast Timor / Timor-Leste
67%
Central AfricaEquatorial Guinea
67%
West AfricaGuinea-Bissau
67%
Central AfricaRepublic Of The Congo
67%
CaribbeanSaint Kitts And Nevis
67%
South AsiaSri Lanka
67%
West AfricaCape Verde
56%
Middle/Central AmericaEl Salvador
56%
OceaniaFederated States Of Micronesia
56%
Southern EuropeSan Marino
56%
Middle EastUnited Arab Emirates
56%
South-Eastern EuropeBosnia And Herzegovina
44%
West AfricaBurkina Faso
44%
Middle/Central AmericaCosta Rica
44%
West AfricaIvory Coast
44%
OceaniaMarshall Islands
44%
South-Eastern Europe(Republic Of) North Macedonia
44%
Central AfricaSão Tomé and Príncipe
44%
OceaniaSolomon Islands
44%
West AfricaSierra Leone
33%
Southern EuropeVatican City
33%
Central EuropeCzech Republic
22%
West Africa(The) Gambia
22%
Western Europe(The) Netherlands
0%
South-East Asia(The) Philippines
0%

Score Distribution

Percentile by Number Answered

Percent of People with Each Score

Your Score History

You have not taken this quiz since the last reset